书目信息 |
| 题名: |
孙氏内家拳通论
|
|
| 作者: | 雷世泰 著 | |
| 分册: | ||
| 出版信息: | 北京 海潮出版社 2013 |
|
| 页数: | 11,12,472页 | |
| 开本: | 23cm | |
| 丛书名: | ||
| 单 册: | ||
| 中图分类: | G852.191.9 , G852.1 | |
| 科图分类: | ||
| 主题词: | 内家拳--套路(武术)--图解 , 武术 , 民族形式体育 | |
| 电子资源: | ||
| ISBN: | 978-7-5157-0348-0 | |
| 000 | 00979nam0 2200301 450 | |
| 001 | 1557221712 | |
| 005 | 20160405093941.14 | |
| 010 | @a978-7-5157-0348-0@dCNY49.00 | |
| 049 | @aA330000ZJL@bUCS01006150792@c012011216003 | |
| 090 | @aG852.1@blst | |
| 096 | @aG852.1@blst | |
| 100 | @a20130809d2013 em y0chiy50 ea | |
| 101 | 0 | @achi |
| 102 | @aCN@b110000 | |
| 105 | @aa z 000yy | |
| 106 | @ar | |
| 200 | 1 | @a孙氏内家拳通论@Asun shi nei jia quan tong lun@b专著@f雷世泰著 |
| 210 | @a北京@c海潮出版社@d2013 | |
| 215 | @a11,12,472页@c图,照片@d23cm | |
| 330 | @a本书为孙禄堂先生之后雷世泰,首部系统论述孙氏内家三拳技术专著,内容包括:孙式形意拳、孙式太极拳、孙式八卦拳、孙式纯阳剑、谈拳论道五部分。 | |
| 606 | 0 | @a内家拳@x套路(武术)@j图解 |
| 606 | 0 | @a武术 |
| 606 | 0 | @a民族形式体育 |
| 690 | @aG852.191.9@v5 | |
| 690 | @aG852.1@v4 | |
| 701 | 0 | @a雷世泰@Alei shi tai@f(1946~)@4著 |
| 801 | 0 | @aCN@bZL@c20130803 |
| 905 | @aZUCC@dG852.1@et102 | |
| 孙氏内家拳通论/雷世泰著 .-北京:海潮出版社,2013 |
| 11,12,472页:图,照片;23cm |
| ISBN 978-7-5157-0348-0:CNY49.00 |
| 本书为孙禄堂先生之后雷世泰,首部系统论述孙氏内家三拳技术专著,内容包括:孙式形意拳、孙式太极拳、孙式八卦拳、孙式纯阳剑、谈拳论道五部分。 |
| ● |
| 相关链接 |
|
|
|
|
正题名:孙氏内家拳通论
索取号:G852.1/t102
 
预约/预借
| 序号 | 登录号 | 条形码 | 馆藏地/架位号 | 状态 | 备注 |
| 1 | 6940093 | 269400935 | 密集书库-体育系/ [索取号:G852.1/t102] | 在馆 | |
| 2 | 6940094 | 269400944 | 密集书库-体育系/ [索取号:G852.1/t102] | 在馆 | |
| 3 | 6940555 | 269405556 | 密集书库-体育系/ [索取号:G852.1/t102] | 在馆 | |
| 4 | 6940559 | 269405592 | 密集书库-体育系/ [索取号:G852.1/t102] | 在馆 |